Sexto periodo de sesiones ordinarias 11 al 16 de Marzo de 1987 (Record no. 24538)

MARC details
000 -LEADER
campo de control de longitud fija 00351nam a2200133Ia 4500
008 - DATOS DE LONGITUD FIJA--INFORMACIÓN GENERAL
campo de control de longitud fija 231129s1989||||xx |||||||||||||| ||spa||
040 ## - FUENTE DE CATALOGACIÓN
Lengua de catalogación spa
082 ## - NÚMERO DE LA CLASIFICACIÓN DECIMAL DEWEY
Número de clasificación 328.3 P221
100 ## - ENTRADA PRINCIPAL--NOMBRE DE PERSONA
Nombre de persona Parlamento Andino
245 #0 - MENCIÓN DEL TÍTULO
Título Sexto periodo de sesiones ordinarias 11 al 16 de Marzo de 1987
260 ## - PUBLICACIÓN, DISTRIBUCIÓN, ETC.
Fecha de publicación, distribución, etc. 1989
264 ## - PRODUCCIÓN, PUBLICACIÓN, DISTRIBUCIÓN, FABRICACIÓN Y COPYRIGHT
Producción, publicación, distribución, fabricación y copyright Universidad Nacional
942 ## - ELEMENTOS DE ENTRADA SECUNDARIOS (KOHA)
Fuente del sistema de clasificación o colocación Clasificación Decimal Dewey
Tipo de ítem Koha
Holdings
Estatus retirado Estado de pérdida Fuente del sistema de clasificación o colocación Estado de daño No para préstamo Biblioteca de origen Biblioteca actual Fecha de adquisición Total de préstamos Signatura topográfica completa Código de barras Visto por última vez Copia número Precio de reemplazo Tipo de ítem Koha
    Clasificación Decimal Dewey     BIBLIOTECA PÚBLICA MUNICIPAL RAMON CORREA MEJIA BIBLIOTECA PÚBLICA MUNICIPAL RAMON CORREA MEJIA 09/07/2009   328.3 P221 8207 29/11/2023 2 29/11/2023 Libros
    Clasificación Decimal Dewey     BIBLIOTECA PÚBLICA MUNICIPAL RAMON CORREA MEJIA BIBLIOTECA PÚBLICA MUNICIPAL RAMON CORREA MEJIA 09/07/2009   328.3 P221 8208 29/11/2023 1 29/11/2023 Libros

Powered by Koha